000 01166nam a2200289 a 4500
003 DO-SdBNP
005 20211228081106.0
007 ta
008 211227e2019 dr a|||er|||| 001 0dspa d
020 _a9789945169539
040 _aDO-SdBNP
_bspa
_cBNPHU
082 4 _222
_bB328t
100 1 _aBataller Alcoba, María Luz
_980889
245 1 0 _aTobogán de la sexualidad :
_bacompañando a nuestros hijos en las etapas de su sexualidad. /
_cMaría Luz Bataller Alcoba, Angélica Rivera Mexía; Ilustraciones de Sofía Cantún del Castillo; Prólogo, Gattoni de Ferrari
260 _aSanto Domingo :
_bBúho,
_c2019
300 _a100 p. :
_bil. ;
_c23 cm.
500 _aIncluye datos biográficos de las autoras en las solapas de la portada.
590 _aInventariado 2021 / MF
650 0 _926378
_aSexualidad infantil
_xRelaciones sexuales
650 0 _973163
_aDesarrollo infantil
_vGuías
_xRelaciones sexuales
650 0 _973163
_aDesarrollo infantil
_vGuías
700 1 _aRivera Mexía, Angélica
_980890
700 1 _aCantún del Catillo, Sofía
_980891
_4il.
700 1 _aFerrari, Gattoni de
_4Prólogo
_980892
910 _aMFéliz
942 _2ddc
_cLBS1
999 _c51135
_d51135